LDR 00758naa#a2200181#i#450# 001 EN\\bibl\126710 005 20260630044344.2 011 ## _a2223-9987 100 ## _a20260629b2026####ek#y0engy0150####ca 102 ## _aRU 200 1# _aProblems and Prospects of Improving the Design and Testing Methods of Three-Axle Trolleys for Freight Cars with Increased Axial Loads (Based on Industrial Transport) _eJournal article 210 1# _aSaint-Petersburg _cFSBEI HE "Emperor Alexander I St. Petersburg State Transport University" _d2026 215 ## _a20 с. 608 ## _aJournal article _2local 675 ## _aТележки с числом осей более двух. 629.4.027.25 _z 700 #1 _aPetrov _gDaniil Yur'evich 700 #1 _aBoronenko _gYuriy Pavlovich 856 4# _aatjournal.ru _u